000 00657nam a2200205 a 4500
001 12193
003 CO-ViMGA
008 141112s2004 ck r 000 u spa d
020 _a8428313687
040 _aCO-ViMGA
_bspa
_cCO-ViMGA
082 0 4 _a629.1346 T465m
100 1 _aThomas, Kas
_917285
245 1 0 _aMantenimiento de aviones
260 _aMadrid,
_cEd. Paraninfo S.A.,
_c1985
300 _a308 p. il.
590 _aForma de adquisición : compra - - Precio : 66.000 - - Proveedor : FIS - - Fecha de adquisición : Sept. 23, 2000
650 1 4 _aAVIONES - MANTENIMIENTO Y REPARACION
_917286
650 1 4 _aMOTORES DE AVIONES
_917287
942 _2ddc
_cBK
999 _c23207
_d23207